000 00447nam a2200181Ia 4500
005 20250923144525.0
008 008 250917s9999 xx 000 0 eng d
037 _aTextual
040 _aDSWL
_beng
_cDSWL
041 _aeng
_2eng
084 _qDSWL
100 _aNorris, Thelma
_9825750
245 0 _aDietary Survey
_cby Thelma Norris
260 _c1953
300 _aiv,308p.
942 _cTEXL
999 _c1440007
_d1440007